A HANDBOOK OF PRATICAL MEDICAL MICROBIOLOGY (Record no. 2934)

MARC details
000 -LEADER
fixed length control field 00382nam a2200145Ia 4500
008 - FIXED-LENGTH DATA ELEMENTS--GENERAL INFORMATION
fixed length control field 220530s9999 xx 000 0 und d
082 ## - DEWEY DECIMAL CLASSIFICATION NUMBER
Classification number 616.01
100 ## - MAIN ENTRY--PERSONAL NAME
Personal name SP NAIK AND MG KARMARKAR
9 (RLIN) 62131
245 ## - TITLE STATEMENT
Title A HANDBOOK OF PRATICAL MEDICAL MICROBIOLOGY
250 ## - EDITION STATEMENT
Edition statement FIRST
260 ## - PUBLICATION, DISTRIBUTION, ETC. (IMPRINT)
Place of publication, distribution, etc. BOMBAY
Name of publisher, distributor, etc. VORA PUBLICATION
Date of publication, distribution, etc. 2006
300 ## - PHYSICAL DESCRIPTION
Extent 100
650 ## - SUBJECT ADDED ENTRY--TOPICAL TERM
Topical term or geographic name as entry element MICROBIOLOGY
9 (RLIN) 62132
Holdings
Withdrawn status Lost status Damaged status Not for loan Home library Current library Date acquired Vendor Cost, normal purchase price Full call number Barcode Date last seen Bill Date Koha item type Original Barcode
        Sitabai Nargundkar College of Nursing Nagpur Sitabai Nargundkar College of Nursing Nagpur 27/09/2021 TEXTBOOKDONATED RATNA NIDHI CHARITABLE TRUST 17.00 616.01 SNCN-BK-2802 05/05/2023 31/05/2022 Donated Book 2802